Introducción a la lógica : y a la metodología de las ciencias deductivas /

Guardado en:
Autor Principal: Tarski, Alfred.
Formato: Libro
Idioma:Spanish
English
Publicado: Madrid : Espasa-Calpe, 1968.
Edición:2ª ed. /
Etiquetas: Agregar Etiqueta
Sin Etiquetas, Sea el primero en etiquetar este registro!
LEADER 00742nam a22001815a 4500
001 MAT.inmabb003228
008 051103s1968####sp#######b####000#0#spa#d
005 20160317170747.0
245 1 0 |a Introducción a la lógica :  |b y a la metodología de las ciencias deductivas /  |c Alfred Tarski ; traducción de T. R. Bachiller y J. R. Fuentes. 
250 |a 2ª ed. /  |b revisada conforme a la 3ª inglesa por O. Chateaubriand y M. A. Dickman. 
260 |a Madrid :  |b Espasa-Calpe,  |c 1968. 
300 |a 285 p. ;  |c 20 cm. 
504 |a Bibliografía: p. [271]-285. 
100 1 |a Tarski, Alfred. 
240 1 0 |a O logice matematyczne i metodzie dedukcyjnej.  |l Español 
084 |a 03Bxx (03-01)  |2 msc2000 
041 1 |a spa  |h eng 
859 |h 03  |i T193ie  |p A-4355  |b BIB. MATEMATICA